000 00383 a2200109 4500
001 ART_34373
005 20260410162005.0
008 260409a
245 1 0 _aShould latin american cuntries adopt structural balance-based fiscal rules?
100 1 _aTer-Minassian, Teresa
773 0 _tRevista de economía y estadística
_g- Vol. XLIX, Nº 2 (dic. 2011)
_wREV34359
999 _c31595
_d31595